Vitalizing secondary education; (Record no. 22149)

MARC details
000 -LEADER
fixed length control field 00941cam a22002411 4500
001 - CONTROL NUMBER
control field e 51000022
003 - CONTROL NUMBER IDENTIFIER
control field DLC
005 - DATE AND TIME OF LATEST TRANSACTION
control field 20260227111234.0
008 - FIXED-LENGTH DATA ELEMENTS--GENERAL INFORMATION
fixed length control field 800904s1951 dcu f000 0 eng c
010 ## - LIBRARY OF CONGRESS CONTROL NUMBER
LC control number e 51000022
035 ## - SYSTEM CONTROL NUMBER
System control number (OCoLC)6681641
040 ## - CATALOGING SOURCE
Original cataloging agency U. S. Office of Education
Transcribing agency MiMarqN
Modifying agency DLC
042 ## - AUTHENTICATION CODE
Authentication code premarc
050 00 - LIBRARY OF CONGRESS CALL NUMBER
Classification number L111
Item number .A6 1951, no. 3
051 ## - LIBRARY OF CONGRESS COPY, ISSUE, OFFPRINT STATEMENT
Classification number LB1607
Item number .C63 1950b
110 2# - MAIN ENTRY--CORPORATE NAME
Corporate name or jurisdiction name as entry element Commission on Life Adjustment Education for Youth.
245 10 - TITLE STATEMENT
Title Vitalizing secondary education;
Remainder of title report.
260 ## - PUBLICATION, DISTRIBUTION, ETC.
Place of publication, distribution, etc. [Washington]
Name of publisher, distributor, etc. Federal Security Agency, Office of Education
Date of publication, distribution, etc. [1951]
300 ## - PHYSICAL DESCRIPTION
Extent vi, 106 p.
Dimensions 23 cm.
410 10 - SERIES STATEMENT/ADDED ENTRY--CORPORATE NAME [OBSOLETE, CAN/MARC], [LOCAL, USA]
Corporate name or jurisdiction name as entry element United States.
Subordinate unit Office of Education.
Title of a work Bulletin, 1951,
Volume number/sequential designation no. 3.
501 ## - WITH NOTE
With note Copies 1 and 2 of L111.A6 with: Frustration in adolescent youth / David Segel. Washington : Govt. Print. Off., 1951. Bound together subsequent to publication.
Institution to which field applies DLC
650 #0 - SUBJECT ADDED ENTRY--TOPICAL TERM
Topical term or geographic name entry element Education, Secondary
Form subdivision Congresses.

No items available.

Powered by Koha